Dejiny železničnej siete na Slovensku /

Enregistré dans:
Détails bibliographiques
Auteur principal: Szojka, Ladislav (Auteur)
Format: Livre
Langue:slovaque
Publié: Bratislava: HMH, s.r.o., 2019
Sujets:
Tags: Ajouter un tag
Pas de tags, Soyez le premier à ajouter un tag!

MARC

LEADER 00000nam a22000003a 4500
001 0112778
003 SK-STU
005 20241204135802.7
007 ta
008 241204s ----xo-----e------000-0-----d
020 |a 978-80-969725-6-2 
040 |a STU  |b slo 
041 0 |a slo  |h slo 
044 |a xo 
100 1 |a Szojka, Ladislav  |4 aut 
245 1 0 |a Dejiny železničnej siete na Slovensku /  |c aut. Ladislav Szojka 
260 |a Bratislava:  |b HMH, s.r.o.,  |c 2019 
300 |a 406 s. 
650 0 7 |a železničná sieť 
650 0 7 |a dejiny 
996 |b 284V038195  |c V* 53664/O-24774  |l VVT  |s P  |a 0  |w 0112778_0001